Ideología: Cuestiones teóricas y metodológicas para su estudio /

Salvato in:
Dettagli Bibliografici
Autore principale: Gálvez Borrell, Víctor
Natura: testo
Tags: Aggiungi Tag
Nessun Tag, puoi essere il primo ad aggiungerne!!

MARC

LEADER 00000 a a2200000 04500
001 45348
003
040
090 |a REV0780 (19)1986  
100 |a Gálvez Borrell, Víctor  
245 |a Ideología:   |b Cuestiones teóricas y metodológicas para su estudio /  |c Víctor Gálvez Borrell  
773 |g número19, III Epoca (Julio - Diciembre, 1986), páginas 9-23  
999 |c 38099  |d 38099